| 000 | 00000nam 2200000zi 4500 |
| 001 | 9.926440 |
| 003 | CaOODSP |
| 005 | 20250312073926 |
| 006 | m o d f |
| 007 | cr |n||||||||| |
| 008 | 230822e202309 onc o f000 0 eng d |
| 020 | |a9780660675916 |
| 040 | |aCaOODSP|beng|erda|cCaOODSP |
| 043 | |an-cn--- |
| 086 | 1 |aH164-354/2023E-PDF |
| 245 | 00|aDraft guidance document : |bpre-market guidance for machine learning-enabled medical devices. |
| 264 | 1|aOttawa, ON : |bHealth Canada = Santé Canada, |cSeptember 2023. |
| 264 | 4|c©2023 |
| 300 | |a1 online resource (17 pages) |
| 336 | |atext|btxt|2rdacontent |
| 337 | |acomputer|bc|2rdamedia |
| 338 | |aonline resource|bcr|2rdacarrier |
| 500 | |aIssued also in French under title: Ébauche des lignes directrices préalables à la mise en marché pour les instruments médicaux fondés sur l'apprentissage machine. |
| 650 | 0|aMedical instruments and apparatus|xGovernment policy|zCanada. |
| 650 | 0|aMachine learning|xGovernment policy|zCanada. |
| 710 | 1 |aCanada. |bHealth Canada, |eissuing body. |
| 775 | 08|tÉbauche des lignes directrices préalables à la mise en marché pour les instruments médicaux fondés sur l'apprentissage machine.|w(CaOODSP)9.926441 |
| 856 | 40|qPDF|s688 KB|uhttps://publications.gc.ca/collections/collection_2023/sc-hc/H164-354-2023-eng.pdf |
| 856 | 4 |qHTML|sN/A|uhttps://www.canada.ca/en/health-canada/services/drugs-health-products/medical-devices/application-information/guidance-documents/pre-market-guidance-machine-learning-enabled-medical-devices.html |